| 000 | 004330000a22001810004500 | ||
|---|---|---|---|
| 003 | MACL | ||
| 005 | 20151227122638.0 | ||
| 008 | 151227b xxu||||| |||| 00| 0 eng d | ||
| 040 |
_aMACL _cMACL |
||
| 041 | _aEnglish | ||
| 082 | _a001 | ||
| 100 |
_aSahitya Akademi _98336 |
||
| 245 | _aWhos Who of Indian Writers | ||
| 260 |
_bSahitya Akademi _c1961 |
||
| 350 | _a10 | ||
| 650 |
_aGeneral Knowledge _923065 |
||
| 942 |
_cBK _k001 _2ddc |
||
| 999 |
_c36937 _d36937 |
||